Quotes by US Presidents #1 - Statistics

General Stats
  • This quiz has been taken 24 times
  • The average score is 8 of 12
Answer Stats
Hint Answer % Correct
We will make America strong again. We will make America proud again. We will make America safe again. And we will make America great again. Donald Trump
95%
The only thing we have to fear is...fear itself. Franklin D. Roosevelt
95%
Knowing what's right doesn't mean much unless you do what's right. Theodore Roosevelt
81%
Make sure you are doing what God wants you to do--then do it with all your strength. George Washington
76%
Always stand on principle... even if you stand alone. John Adams
76%
I walk slowly, but I never walk backward. Abraham Lincoln
71%
Efforts and courage are not enough without purpose and direction John F. Kennedy
71%
A man is not finished when he is defeated. He is finished when he quits. Richard Nixon
67%
Tell the truth, work hard and come to dinner on time. Gerald Ford
62%
Right reason is stronger than force. James A. Garfield
52%
Every expert was once a beginner. Rutherford B. Hayes
48%
Don't write so that you can be understood; write so that you can't be misunderstood. William H. Taft
0%
No matching quizzes found
Score Distribution
Percent of People with Each Score
Percentile by Number Answered
Your Score History
You have not taken this quiz